|
|
|
|
| LEADER |
00000naa2a2200000 4500 |
| 001 |
623620 |
| 005 |
20231101133254.0 |
| 035 |
|
|
|a (RuTPU)RU\TPU\conf\22620
|
| 035 |
|
|
|a RU\TPU\conf\22619
|
| 090 |
|
|
|a 623620
|
| 100 |
|
|
|a 20170828d2017 k y0rusy50 ca
|
| 101 |
0 |
|
|a rus
|
| 102 |
|
|
|a RU
|
| 105 |
|
|
|a y z 101zy
|
| 135 |
|
|
|a drgn ---uucaa
|
| 181 |
|
0 |
|a i
|
| 182 |
|
0 |
|a b
|
| 200 |
1 |
|
|a Анализ ядерных материалов с использованием метода нейтронных совпадений
|f Е. В. Артемов
|
| 203 |
|
|
|a Текст
|c электронный
|
| 225 |
1 |
|
|a Актуальные вопросы ядерного нераспространения, безопасность и экология ядерной отрасли
|
| 230 |
|
|
|a 1 компьютерный файл (pdf; 395 Kb)
|
| 300 |
|
|
|a Заглавие с экрана
|
| 320 |
|
|
|a [Библиогр.: 3 назв.]
|
| 463 |
|
0 |
|0 (RuTPU)RU\TPU\conf\21931
|t VIII Школа-конференция молодых атомщиков Сибири
|o сборник тезисов докладов, 17-19 мая 2017 г., г. Томск
|f Росатом [и др.]
|v [1 с.]
|d 2017
|
| 610 |
1 |
|
|a труды учёных ТПУ
|
| 610 |
1 |
|
|a электронный ресурс
|
| 610 |
1 |
|
|a составы
|
| 610 |
1 |
|
|a уран
|
| 610 |
1 |
|
|a счетчики
|
| 610 |
1 |
|
|a программное обеспечение
|
| 610 |
1 |
|
|a гамма-излучения
|
| 700 |
|
1 |
|a Артемов
|b Е. В.
|
| 712 |
0 |
2 |
|a Национальный исследовательский Томский политехнический университет (ТПУ)
|c (2009- )
|2 stltpush
|3 (RuTPU)RU\TPU\col\15902
|
| 801 |
|
2 |
|a RU
|b 63413507
|c 20170904
|g RCR
|
| 856 |
4 |
|
|u http://earchive.tpu.ru/handle/11683/42518
|
| 942 |
|
|
|c BK
|